Statistics for 12 Legends who died in L.A. : picture quiz

Click here to take the quiz!

General Stats

  • This quiz has been taken 44 times
  • The average score is 8 of 12

Answer Stats

Answer% Correct
Michael Jackson
95%
Ronald Reagan
95%
Whitney Houston
95%
Janis Joplin
83%
Ray Charles
80%
River Phoenix
75%
Marvin Gaye
70%
Marilyn Monroe
50%
Marlon Brando
45%
Johnny Carson
40%
Bettie Page
23%
Lux Interior
5%

Score Distribution

Percentile by Number Answered

Percent of People with Each Score

Your Score History

You have not taken this quiz